[Event "Oberliga Nord N 2122"]
[Site "Germany"]
[Date "2021.11.21"]
[Round "2.7"]
[White "Schwarzat, Julian"]
[Black "Rietschel, Tilo"]
[Result "1-0"]
[WhiteElo "2131"]
[BlackElo "2066"]
[PlyCount "73"]
[EventDate "2021.10.31"]
[EventType "team-tourn"]
[EventRounds "9"]
[EventCountry "GER"]
[SourceTitle "EXT 2023"]
[Source "ChessBase"]
[SourceDate "2022.10.05"]
[SourceVersion "1"]
[SourceVersionDate "2022.10.05"]
[SourceQuality "1"]
[WhiteTeam "Preetz"]
[BlackTeam "Luebeck"]
[WhiteTeamCountry "GER"]
[BlackTeamCountry "GER"]

1. e4 c5 2. Nf3 d6 3. d3 g6 4. g3 Bg7 5. Bg2 Nc6 6. 0-0 Nf6 7. Re1 0-0 8. c3 Bg4 9. h3 Bxf3 10. Qxf3 Qb6 11. Nd2 Nd7 12. Qe2 Qa6 13. f4 Rab8 14. Nf3 b5 15. Be3 e5 16. f5 b4 17. c4 Qc8 18. g4 Nd4 19. Qd2 Qd8 20. Rf1 f6 21. h4 Qe7 22. Bh3 gxf5 23. gxf5 Qf7 24. Bg4 h5 25. Bh3 Kh8 26. Kf2 b3 27. Bxd4 exd4 28. a3 Ne5 29. Rg1 Kh7 30. Rg6 Rh8 31. Rag1 Kg8 32. Rxg7+ Qxg7 33. Rxg7+ Kxg7 34. Nxe5 dxe5 35. Qa5 Rb7 36. Qxc5 Rd8 37. Bg2 1-0

[Event "Oberliga Nord N 2122"]
[Site "Germany"]
[Date "2021.10.31"]
[Round "1.5"]
[White "Zart, Ruediger"]
[Black "Schwarzat, Julian"]
[Result "1-0"]
[WhiteElo "2144"]
[BlackElo "2131"]
[PlyCount "97"]
[EventDate "2021.10.31"]
[EventType "team-tourn"]
[EventRounds "9"]
[EventCountry "GER"]
[SourceTitle "EXT 2023"]
[Source "ChessBase"]
[SourceDate "2022.10.05"]
[SourceVersion "1"]
[SourceVersionDate "2022.10.05"]
[SourceQuality "1"]
[WhiteTeam "Johanneum Eppendorf"]
[BlackTeam "Preetz"]
[WhiteTeamCountry "GER"]
[BlackTeamCountry "GER"]

1. e4 e6 2. d4 d5 3. Nd2 Be7 4. Bd3 Nc6 5. Ngf3 Nb4 6. Be2 dxe4 7. Nxe4 Nf6 8. Nxf6+ Bxf6 9. c3 Nd5 10. 0-0 0-0 11. Re1 b6 12. Bd3 Bb7 13. Be4 Qc8 14. Ng5 Bxg5 15. Bxg5 f6 16. Qh5 f5 17. Bc2 c5 18. Rad1 Qc6 19. f3 Rae8 20. Bb3 c4 21. Bc2 b5 22. Bd2 a5 23. Re5 Nf6 24. Qh3 Nd7 25. Re2 Qd6 26. a3 Bd5 27. Rde1 g6 28. Qh4 f4 29. Qg5 Kg7 30. h4 Rf6 31. Re5 Ref8 32. Qg4 Nxe5 33. dxe5 Qb6+ 34. Kf1 R6f7 35. h5 g5 36. Qxg5+ Kh8 37. h6 Rg8 38. Qh5 Qb7 39. Be4 Bxe4 40. Rxe4 Rf5 41. Qh4 Qd5 42. Rd4 Qxe5 43. Bxf4 Qc5 44. Bd6 Rxf3+ 45. gxf3 Qf5 46. Kf2 Qc2+ 47. Ke3 Qc1+ 48. Rd2 Qg1+ 49. Qf2 1-0

[Event "Oberliga Nord N 1920"]
[Site "Germany"]
[Date "2021.08.14"]
[Round "8.7"]
[White "Schwarzat, Julian"]
[Black "Schumacher, Norbert"]
[Result "1/2-1/2"]
[WhiteElo "2119"]
[BlackElo "2169"]
[PlyCount "135"]
[EventDate "2019.09.29"]
[EventType "team-tourn"]
[EventRounds "9"]
[EventCountry "GER"]
[SourceTitle "EXT 2023"]
[Source "ChessBase"]
[SourceDate "2022.10.05"]
[SourceVersion "1"]
[SourceVersionDate "2022.10.05"]
[SourceQuality "1"]
[WhiteTeam "Preetz"]
[BlackTeam "Hamburger SK III"]
[WhiteTeamCountry "GER"]
[BlackTeamCountry "GER"]

1. e4 c5 2. Nf3 d6 3. d3 Nc6 4. g3 g6 5. Bg2 Bg7 6. 0-0 e6 7. Re1 Nge7 8. c3 0-0 9. Qe2 b6 10. h4 Ba6 11. Nbd2 Qd7 12. Nf1 Ne5 13. c4 N7c6 14. N1h2 Rfe8 15. Be3 b5 16. Nxe5 Bxe5 17. Ng4 Nd4 18. Bxd4 Bxd4 19. e5 Qe7 20. Nf6+ Kg7 21. Nxe8+ Rxe8 22. exd6 Qxd6 23. Kh2 Rb8 24. Rab1 Qd8 25. b3 Qf6 26. cxb5 Rxb5 27. f4 Rb6 28. Be4 Rd6 29. Red1 Bc3 30. h5 Qd4 31. Rbc1 Bb5 32. hxg6 hxg6 33. Kg2 Bb4 34. a4 Ba6 35. Qf2 Qf6 36. g4 g5 37. f5 exf5 38. gxf5 Bc3 39. Qxc5 Bd4 40. Qa5 Be3 41. Rc2 g4 42. Qc3 Bd4 43. Qd2 Be5 44. Rh1 Rxd3 45. Bxd3 Bb7+ 46. Kg1 Bd4+ 47. Kf1 Bxh1 48. Qh2 Bb7 49. Qh5 g3 50. Qg4+ Kf8 51. Qxg3 Be5 52. Qf2 Qh6 53. Ke2 Qh5+ 54. Kd2 Qh6+ 55. Kd1 Qh1+ 56. Bf1 f6 57. Rd2 Ba6 58. Qc5+ Ke8 59. Rd8+ Kxd8 60. Qa5+ Ke7 61. Qxa6 Qd5+ 62. Kc2 Qc5+ 63. Qc4 Qxc4+ 64. Bxc4 a5 65. b4 axb4 66. Kb3 Bd6 67. Be6 Kd8 68. Kc4 1/2-1/2

[Event "Oberliga Nord N 1920"]
[Site "Germany"]
[Date "2020.01.19"]
[Round "5.6"]
[White "Schwarzat, Julian"]
[Black "Hagenstein, Frank"]
[Result "1-0"]
[WhiteElo "2109"]
[BlackElo "2248"]
[PlyCount "133"]
[EventDate "2019.09.29"]
[EventType "team-tourn"]
[EventRounds "9"]
[EventCountry "GER"]
[SourceTitle "CBM 195 Extra"]
[Source "ChessBase"]
[SourceDate "2020.05.31"]
[SourceVersion "1"]
[SourceVersionDate "2020.05.31"]
[SourceQuality "1"]

1. e4 d6 2. Nf3 Nf6 3. d3 g6 4. g3 Bg7 5. Bg2 c5 6. 0-0 Nc6 7. Re1 0-0 8. c3 e5 9. a3 a5 10. a4 Re8 11. Na3 h6 12. Nb5 Na7 13. Be3 Nxb5 14. axb5 Bd7 15. c4 b6 16. Nd2 Ng4 17. Nb1 Nxe3 18. fxe3 h5 19. Nc3 Be6 20. Qf3 Ra7 21. Na4 Rb7 22. Qf1 h4 23. gxh4 Qxh4 24. Qf2 Qg5 25. Rf1 Kh7 26. Qg3 Qh6 27. Rf3 Bf8 28. Kh1 Be7 29. Bh3 Bh4 30. Qg2 Kg8 31. Rg1 Bd8 32. Bxe6 Rxe6 33. Rh3 Qg7 34. Nc3 Ra7 35. Nd5 Qf8 36. Rf3 Qh6 37. Qg4 Rb7 38. Rh3 Qg7 39. Rhg3 Qh6 40. Qxe6 fxe6 41. Rxg6+ Kh7 42. Rxh6+ Kxh6 43. Nc3 Rf7 44. Kg2 Bh4 45. Rf1 Rg7+ 46. Kh3 Bg5 47. Rf3 Kh5 48. Na4 Rb7 49. Kg2 Bh4 50. Rf8 Kg6 51. Rg8+ Kh5 52. Rh8+ Kg5 53. Rf8 Kg6 54. h3 Kg7 55. Re8 Kf7 56. Rh8 Bf6 57. Rc8 Bh4 58. Rc6 Kf6 59. Rxb6 Rg7+ 60. Kf1 Rg3 61. Ke2 Rg2+ 62. Kd1 Bg5 63. Rxd6 Ke7 64. Rc6 Bxe3 65. b6 Rd2+ 66. Ke1 Rxd3 67. b7 1-0

[Event "Oberliga Nord N 1920"]
[Site "Germany"]
[Date "2019.09.29"]
[Round "1.8"]
[White "Easwaralingam, Adesh"]
[Black "Schwarzat, Julian"]
[Result "0-1"]
[WhiteElo "2042"]
[BlackElo "2094"]
[PlyCount "74"]
[EventDate "2019.09.29"]
[EventType "team-tourn"]
[EventRounds "9"]
[EventCountry "GER"]
[SourceTitle "CBM 195 Extra"]
[Source "ChessBase"]
[SourceDate "2020.05.31"]
[SourceVersion "1"]
[SourceVersionDate "2020.05.31"]
[SourceQuality "1"]

1. e4 e6 2. d4 d5 3. Nd2 Be7 4. Ngf3 Nf6 5. exd5 exd5 6. Bd3 Nc6 7. c3 Bg4 8. 0-0 0-0 9. Qb3 b6 10. Qa4 Bd7 11. Qc2 Bd6 12. h3 Re8 13. a3 h6 14. c4 Bf4 15. b3 Be6 16. cxd5 Bxd5 17. Bb5 Re6 18. Bb2 Ne7 19. Rfe1 c6 20. Bc4 Rxe1+ 21. Rxe1 Ng6 22. Ne5 Bxd2 23. Qxd2 Bxc4 24. bxc4 Nxe5 25. Rxe5 Qd7 26. Qe2 Re8 27. f4 Rb8 28. d5 cxd5 29. Re7 Qf5 30. Qe5 Qb1+ 31. Kh2 Rc8 32. cxd5 Rc2 33. Qb8+ Kh7 34. Bxf6 Qf1 35. Kg3 Rxg2+ 36. Kh4 Qf2+ 37. Kh5 g6# 0-1

[Event "Oberliga Nord N 1718"]
[Site "Germany"]
[Date "2018.02.04"]
[Round "6.4"]
[White "Wolf, Christoph1111"]
[Black "Schwarzat, Julian"]
[Result "1/2-1/2"]
[WhiteElo "2193"]
[BlackElo "2105"]
[PlyCount "103"]
[EventDate "2017.10.08"]
[EventType "team-tourn"]
[EventRounds "9"]
[EventCountry "GER"]
[SourceTitle "EXT 2019"]
[Source "ChessBase"]
[SourceDate "2018.10.10"]
[SourceVersion "1"]
[SourceVersionDate "2018.10.10"]
[SourceQuality "1"]
[WhiteTeam "Schwerin"]
[BlackTeam "Preetz"]
[WhiteTeamCountry "GER"]
[BlackTeamCountry "GER"]

1. e4 e6 2. d4 d5 3. Nc3 Be7 4. Bd3 dxe4 5. Bxe4 Nf6 6. Bf3 c5 7. Nge2 0-0 8. Be3 cxd4 9. Nxd4 a6 10. Qe2 e5 11. Nb3 Nc6 12. Bxc6 bxc6 13. 0-0 Qc7 14. Bc5 Re8 15. Rfe1 Bxc5 16. Nxc5 Nd5 17. Qf3 Bd7 18. N3e4 Rad8 19. Rad1 Bc8 20. Qb3 Nf4 21. Qc4 a5 22. c3 h6 23. a4 Kh8 24. b4 f5 25. Ng3 Rxd1 26. Rxd1 Rd8 27. Re1 axb4 28. cxb4 Rd4 29. Qb3 Nd5 30. b5 Qd6 31. Rc1 cxb5 32. Qxb5 Kh7 33. h3 Nf4 34. Qf1 Be6 35. Nxe6 Qxe6 36. Ra1 Qc6 37. a5 Ra4 38. Rxa4 Qxa4 39. Nxf5 Qxa5 40. Qb1 Qa8 41. Ne3+ g6 42. Qb5 Qe4 43. Qd7+ Kg8 44. Kh2 g5 45. Qg4 Qg6 46. Qc8+ Kh7 47. Nf5 Qf7 48. Ne3 Ne6 49. Ng4 h5 50. Qc2+ Kg7 51. Ne3 Nd4 52. Qe4 1/2-1/2

[Event "BL2-Nord 1617"]
[Site "Germany"]
[Date "2016.11.19"]
[Round "4.8"]
[White "Buchal, Stephan"]
[Black "Schwarzat, Julian"]
[Result "1/2-1/2"]
[WhiteElo "2315"]
[BlackElo "2079"]
[PlyCount "196"]
[EventDate "2016.10.16"]
[EventType "team-tourn"]
[EventRounds "9"]
[EventCountry "GER"]
[SourceTitle "EXT 2018"]
[Source "ChessBase"]
[SourceDate "2017.10.13"]
[SourceVersion "1"]
[SourceVersionDate "2017.10.13"]
[SourceQuality "1"]
[WhiteTeam "Werder Bremen II"]
[BlackTeam "Preetz"]
[WhiteTeamCountry "GER"]
[BlackTeamCountry "GER"]

1. c4 Nf6 2. Nf3 c5 3. g3 d5 4. cxd5 Nxd5 5. Bg2 Nc6 6. Nc3 Nc7 7. a3 e5 8. b4 f6 9. bxc5 Bxc5 10. 0-0 0-0 11. Bb2 Be6 12. Rc1 Na6 13. Na4 Be7 14. d4 e4 15. Nd2 f5 16. e3 Na5 17. f3 exf3 18. Qxf3 Qd7 19. Nc3 Kh8 20. d5 Bg8 21. Bh3 Bc5 22. Kh1 Qe7 23. Rce1 Bxa3 24. Ba1 Nb4 25. Bg2 Nc2 26. Re2 Nxa1 27. Rxa1 Bb2 28. Rxa5 Bxc3 29. Rb5 a5 30. Nc4 Qc7 31. Nb6 Ra6 32. Na4 Bb4 33. Qf1 Rd6 34. Rf2 Qd7 35. e4 Rh6 36. e5 f4 37. gxf4 Rf5 38. d6 Rfh5 39. Bf3 Rh4 40. Rxb7 Qxa4 41. Rb8 Bxd6 42. exd6 Rxd6 43. Qb1 Qd4 44. Re2 Rd8 45. Rxd8 Qxd8 46. Qb5 Rxf4 47. Re8 Qxe8 48. Qxe8 Rxf3 49. Qa4 Rf5 50. Kg2 Rc5 51. Kg3 h6 52. h4 Rc3+ 53. Kf2 Rc4 54. Qxa5 Rxh4 55. Qd8 Rc4 56. Kg3 Rc6 57. Qd7 Rg6+ 58. Kf4 Rf6+ 59. Kg3 Bf7 60. Qd8+ Kh7 61. Qe7 Bg6 62. Qd8 Rf5 63. Qe7 Rg5+ 64. Kf4 Rg1 65. Qa7 Rf1+ 66. Kg4 h5+ 67. Kg3 Rf5 68. Qe7 Rd5 69. Kh3 Rd3+ 70. Kh2 Rd4 71. Qg5 Rg4 72. Qe7 Be4 73. Qe8 Bg6 74. Qe7 Be4 75. Qe8 g6 76. Qe7+ Kh6 77. Qf8+ Kg5 78. Qe7+ Kf4 79. Qd6+ Kf3 80. Qa3+ Kf2 81. Qb2+ Ke3 82. Qa3+ Kf4 83. Qd6+ Kg5 84. Qe7+ Kf5 85. Qd7+ Ke5 86. Qc7+ Kd4 87. Qb6+ Kd3 88. Qb3+ Ke2 89. Qb2+ Ke3 90. Qa3+ Bd3 91. Qc5+ Kf3 92. Qc3 Ke3 93. Qc5+ Rd4 94. Qg5+ Rf4 95. Qc5+ Kf3 96. Qd5+ Ke3 97. Qc5+ Ke4 98. Qc6+ Ke3 1/2-1/2

[Event "GER-chT Lands U20"]
[Site "Hannover"]
[Date "2013.10.04"]
[Round "4.4"]
[White "Niegsch, Nicolas"]
[Black "Schwarzat, Julian"]
[Result "0-1"]
[WhiteElo "2012"]
[BlackElo "2030"]
[PlyCount "74"]
[EventDate "2013.10.02"]
[EventType "team-swiss"]
[EventRounds "7"]
[EventCountry "GER"]
[SourceTitle "EXT 2014"]
[Source "ChessBase"]
[SourceDate "2013.11.20"]
[SourceVersion "1"]
[SourceVersionDate "2013.11.20"]
[SourceQuality "1"]
[WhiteTeam "Sachsen Anhalt"]
[BlackTeam "Schleswig Holstein"]
[WhiteTeamCountry "GER"]
[BlackTeamCountry "GER"]

1. e4 c6 2. d4 g6 3. Nc3 d5 4. Nf3 Bg4 5. h3 Bxf3 6. Qxf3 dxe4 7. Nxe4 Bg7 8. Bc4 Nf6 9. c3 0-0 10. 0-0 Nxe4 11. Qxe4 Nd7 12. Re1 Nb6 13. Bb3 e6 14. Bf4 Qd7 15. Rad1 Nd5 16. Bg5 b5 17. g3 Qb7 18. h4 Bf6 19. Kg2 Rac8 20. Bc2 Qe7 21. Bc1 c5 22. dxc5 Qxc5 23. h5 Bxc3 24. Rh1 Bg7 25. Bb3 Nf6 26. Qe1 Nxh5 27. g4 Nf6 28. Be3 Qc6+ 29. f3 Nxg4 30. Bf4 Nf6 31. Qh4 h5 32. Be5 Nd5 33. Bxg7 Kxg7 34. Qg5 f6 35. Qd2 a5 36. Rc1 Qd6 37. Rxc8 Nf4+ 0-1

[Event "Schleswig Holstein-ch U18 M"]
[Site "Neumuenster"]
[Date "2010.04.06"]
[Round "3"]
[White "Gogol, Max"]
[Black "Schwarzat, Julian"]
[Result "0-1"]
[WhiteElo "1680"]
[BlackElo "2014"]
[PlyCount "46"]
[EventDate "2010.04.05"]
[EventType "tourn"]
[EventRounds "9"]
[EventCountry "GER"]
[SourceTitle "EXT 2023"]
[Source "ChessBase"]
[SourceDate "2022.10.05"]
[SourceVersion "1"]
[SourceVersionDate "2022.10.05"]
[SourceQuality "1"]

1. d4 Nf6 2. c4 e6 3. e3 d5 4. Nc3 Be7 5. Nf3 0-0 6. Bd3 Nbd7 7. 0-0 b6 8. cxd5 exd5 9. b3 Bb7 10. Bb2 Re8 11. Rc1 c5 12. Rc2 Rc8 13. Qc1 Ne4 14. Bb5 Rf8 15. Na4 Ndf6 16. Ba3 Bd6 17. Bd3 Qe7 18. Qb2 cxd4 19. Bxd6 Qxd6 20. Nxd4 Rxc2 21. Qxc2 Ng4 22. g3 Qh6 23. h4 Nxe3 0-1

[Event "GER-chT U16"]
[Site "Verden an der Aller"]
[Date "2009.12.29"]
[Round "6.2"]
[White "Schwarzat, Julian"]
[Black "Mundorf, Johannes"]
[Result "1/2-1/2"]
[WhiteElo "2022"]
[BlackElo "1858"]
[PlyCount "83"]
[EventDate "2009.12.27"]
[EventType "team-swiss"]
[EventRounds "7"]
[EventCountry "GER"]
[SourceTitle "EXT 2022"]
[Source "ChessBase"]
[SourceDate "2021.10.06"]
[SourceVersion "1"]
[SourceVersionDate "2021.10.06"]
[SourceQuality "1"]
[WhiteTeam "Segeberg SF U16"]
[BlackTeam "Muelheim Nord U16"]
[WhiteTeamCountry "GER"]
[BlackTeamCountry "GER"]

1. e4 e6 2. d3 d5 3. Nd2 Nf6 4. Ngf3 dxe4 5. dxe4 Bc5 6. Bc4 Nc6 7. 0-0 e5 8. c3 0-0 9. Qc2 Qe7 10. b4 Bb6 11. a4 a6 12. Ba3 Nb8 13. Nb3 Nbd7 14. a5 Ba7 15. Rfe1 h6 16. Re2 Re8 17. Qa2 Nh5 18. Rd1 Qf6 19. Bc1 Nf8 20. Nc5 Ng6 21. Nd7 Bxd7 22. Rxd7 Re7 23. Rxe7 Qxe7 24. g3 Nf6 25. Qc2 Rd8 26. Be3 Bxe3 27. Rxe3 Rd6 28. Nd2 Qd7 29. Rd3 Qg4 30. Rxd6 cxd6 31. f3 Qd7 32. Qb3 h5 33. Nf1 h4 34. Kg2 Nh5 35. Ne3 hxg3 36. hxg3 Ngf4+ 37. gxf4 Nxf4+ 38. Kf2 Qh3 39. Qd1 Qh4+ 40. Kf1 Qh1+ 41. Kf2 Qh2+ 42. Kf1 1/2-1/2

[Event "GER-chT U16"]
[Site "Verden an der Aller"]
[Date "2009.12.27"]
[Round "1.2"]
[White "Schwarzat, Julian"]
[Black "Schreyer, Erik"]
[Result "1/2-1/2"]
[WhiteElo "2022"]
[BlackElo "1821"]
[PlyCount "54"]
[EventDate "2009.12.27"]
[EventType "team-swiss"]
[EventRounds "7"]
[EventCountry "GER"]
[SourceTitle "EXT 2022"]
[Source "ChessBase"]
[SourceDate "2021.10.06"]
[SourceVersion "1"]
[SourceVersionDate "2021.10.06"]
[SourceQuality "1"]
[WhiteTeam "Segeberg SF U16"]
[BlackTeam "Herzogenrath U16"]
[WhiteTeamCountry "GER"]
[BlackTeamCountry "GER"]

1. e4 d5 2. exd5 Qxd5 3. Nc3 Qa5 4. Bc4 Nf6 5. d3 Bg4 6. f3 Bf5 7. Qe2 Nbd7 8. Bd2 Qb6 9. 0-0-0 e6 10. g4 Bg6 11. f4 0-0-0 12. h3 h5 13. g5 Ne8 14. Nf3 Nd6 15. Be3 Qa5 16. Bb3 Nf5 17. Ne4 Nc5 18. Bxc5 Bxc5 19. Nxc5 Qxc5 20. Rhe1 Nd4 21. Nxd4 Qxd4 22. Bxe6+ Kb8 23. f5 Bxf5 24. Bxf5 Qf4+ 25. Qd2 Qxf5 26. h4 Rhe8 27. b3 Qg4 1/2-1/2

[Event "GER-ch U25 op"]
[Site "Willingen"]
[Date "2008.05.17"]
[Round "9"]
[White "Schwarzat, Julian"]
[Black "Eigemann, Julian"]
[Result "1-0"]
[WhiteElo "1963"]
[BlackElo "1604"]
[PlyCount "53"]
[EventDate "2008.05.11"]
[EventType "swiss"]
[EventRounds "9"]
[EventCountry "GER"]
[SourceTitle "CBM 124 Extra"]
[Source "ChessBase"]
[SourceDate "2008.07.03"]
[SourceVersion "1"]
[SourceVersionDate "2008.07.03"]
[SourceQuality "1"]

1. e4 d5 2. exd5 Qxd5 3. Nc3 Qa5 4. d4 c6 5. Bc4 Nf6 6. Bd2 Qc7 7. Qe2 Bf5 8. 0-0-0 e6 9. f3 h5 10. Nh3 Bxh3 11. gxh3 Nbd7 12. d5 cxd5 13. Nxd5 Nxd5 14. Bxd5 Rc8 15. Bb3 a6 16. Bc3 Nc5 17. Rhg1 Rg8 18. Be5 Nxb3+ 19. axb3 Qa5 20. Kb1 g6 21. Qe4 Qb6 22. Rg2 Be7 23. Rgd2 Rd8 24. Rxd8+ Bxd8 25. Qd3 Bg5 26. Qd7+ Kf8 27. Qc8+ 1-0

[Event "GER-ch U25 op"]
[Site "Willingen"]
[Date "2008.05.14"]
[Round "6"]
[White "Koksch, Florian"]
[Black "Schwarzat, Julian"]
[Result "0-1"]
[WhiteElo "1866"]
[BlackElo "1963"]
[PlyCount "68"]
[EventDate "2008.05.11"]
[EventType "swiss"]
[EventRounds "9"]
[EventCountry "GER"]
[SourceTitle "CBM 124 Extra"]
[Source "ChessBase"]
[SourceDate "2008.07.03"]
[SourceVersion "1"]
[SourceVersionDate "2008.07.03"]
[SourceQuality "1"]

1. e4 e6 2. d4 d5 3. exd5 exd5 4. c4 c6 5. Nf3 Nf6 6. Bg5 Be7 7. Bd3 0-0 8. 0-0 Nbd7 9. Nc3 dxc4 10. Bxc4 Nb6 11. Bd3 Bg4 12. Re1 h6 13. Bf4 Nfd5 14. Bd2 Bf6 15. Qc1 Bxf3 16. gxf3 Bg5 17. Bxg5 Qxg5+ 18. Qxg5 hxg5 19. Re5 f6 20. Ree1 Nf4 21. Bf5 Rfe8 22. Kf1 Nc4 23. Rxe8+ Rxe8 24. Ne4 Rd8 25. Ke1 g6 26. Bxg6 Nxg6 27. Nxf6+ Kg7 28. Ne4 Kh6 29. b3 Nd6 30. Nc5 Nf4 31. Rd1 b6 32. Ne4 Re8 33. Kd2 Nxe4+ 34. fxe4 Rxe4 0-1